|
|
|
|
| LEADER |
00739cam a2200241 7i4500 |
| 001 |
0000035290 |
| 005 |
20210105090000.0 |
| 008 |
110315 eng |
| 020 |
|
|
|a 0135136113
|
| 020 |
|
|
|a 9780135136119
|
| 040 |
|
|
|a DLC
|
| 090 |
0 |
0 |
|a RT87.T45
|b G85 2010
|
| 100 |
1 |
|
|a Guido, Ginny Wacker
|
| 245 |
1 |
0 |
|a Nursing care at the end of life
|c Ginny Wacker Guido.
|
| 260 |
|
|
|a Boston:
|b Pearson,
|c 2010.
|
| 300 |
|
|
|a xiii, 200 p.:
|b ill.;
|c 28 cm.
|
| 504 |
|
|
|a Includes bibliographical references and index
|
| 650 |
0 |
0 |
|a Hospice nurses
|
| 650 |
0 |
0 |
|a Terminal care
|
| 650 |
0 |
0 |
|a Nursing care
|
| 997 |
|
|
|a Health Sciences, Faculty
|
| 998 |
|
|
|a Nursing, Diploma
|
| 999 |
|
|
|a 0000048464
|b BOK
|c OPEN SHELF
|e 1st Floor, Shah Alam
|